University Home | Library Home | Institutional Repository

Glossary of some technical terms in the field of the teaching and the education of the deaf / (Record no. 159932)

MARC details
000 -LEADER
fixed length control field 00840cam9a220020500 4500
001 - CONTROL NUMBER
control field qce02098840
005 - DATE AND TIME OF LATEST TRANSACTION
control field 20190826090938.0
008 - FIXED-LENGTH DATA ELEMENTS--GENERAL INFORMATION
fixed length control field 840413r19631963ne 000 0 eng d
035 ## - SYSTEM CONTROL NUMBER
System control number (Sirsi) r59343
035 ## - SYSTEM CONTROL NUMBER
System control number (QCAT)lss04070722
035 ## - SYSTEM CONTROL NUMBER
System control number (UPRA)qce02098840
040 ## - CATALOGING SOURCE
Modifying agency UPRA
100 1# - MAIN ENTRY--PERSONAL NAME
Personal name Tervoort, Bernard Th. M.
Linkage A18688.1
245 10 - TITLE STATEMENT
Title Glossary of some technical terms in the field of the teaching and the education of the deaf /
Statement of responsibility, etc. by Bernard Th. Tervoort.
260 ## - PUBLICATION, DISTRIBUTION, ETC.
Place of publication, distribution, etc. St. Michielsgestel, Netherlands,
Date of publication, distribution, etc. 1963?
500 ## - GENERAL NOTE
General note Cover title.
500 ## - GENERAL NOTE
General note Reprinted from Report of the Proceedings of the International Congress on Education of the Deaf and of the 41st meeting of the Convention of American Instructors of the Deaf, June 22-28, 1963.
949 ## - LOCAL PROCESSING INFORMATION (OCLC)
a LC4507
w lcc
i -77880
m MAIN
t BOOK
l ON-SHELF

No items available.

© 2026 - The University of Zambia Library - Koha v25.11